A Road Well Travelled: (Record no. 183850)
[ view plain ]
| 000 -LEADER | |
|---|---|
| fixed length control field | 00635nam a22001817a 4500 |
| 005 - DATE AND TIME OF LATEST TRANSACTION | |
| control field | 20220106113950.0 |
| 010 ## - LCCN (DPL NO) | |
| LC control number | ENG-130970 |
| 020 ## - INTERNATIONAL STANDARD BOOK NUMBER | |
| International Standard Book Number | 978-93-896-486-21 |
| Terms of availability | 599.00 |
| 035 ## - SYSTEM CONTROL NUMBER | |
| System control number | EN-114502 |
| 037 ## - SOURCE OF ACQUISITION | |
| Source of stock number/acquisition | DBAD |
| 082 ## - DEWEY DECIMAL CLASSIFICATION NUMBER | |
| Classification number | 921 |
| 100 ## - MAIN ENTRY--PERSONAL NAME | |
| Personal name | Raghavan, R.K. |
| 245 ## - TITLE STATEMENT | |
| Title | A Road Well Travelled: |
| Statement of responsibility, etc | R.K. Raghavan |
| Remainder of title | An Autobiography/ |
| 260 ## - PUBLICATION, DISTRIBUTION, ETC. (IMPRINT) | |
| Place of publication, distribution, etc | Chennai |
| Name of publisher, distributor, etc | Westland Publications Private LImited |
| Date of publication, distribution, etc | 2020 |
| 270 ## - ADDRESS | |
| City | Chennai |
| Postal code | 600096 |
| Address | 1st Floor, A Block, East Wing, Plot No. 40, SP infocity, Dr. MGR Salai, Perungundi, Kandanchavadi |
| 300 ## - PHYSICAL DESCRIPTION | |
| Extent | xi, 219p. |
| Dimensions | 18cm(hbk) |
| Other physical details | Acknowledgement |
| 942 ## - ADDED ENTRY ELEMENTS (KOHA) | |
| Source of classification or shelving scheme | Dewey Decimal Classification |
| Item type | English Books |
| Classification part | 921 |
| Call number suffix | RAG |
| Withdrawn status | Lost status | Not for loan | Collection code | Home library | Current library | Date acquired | Source of acquisition | Cost, normal purchase price | Full call number | Barcode | Copy number | Cost, replacement price | Koha item type |
|---|---|---|---|---|---|---|---|---|---|---|---|---|---|
| Non-fiction | Mobile Library | Mobile Library | 06/01/2022 | DBAD/PUB | 599.00 | 921 RAG | EN-114502 | 1 | 599.00 | English Books |
